[Event "IECC CL7-2011.05 email"]
[Site "IECC email"]
[Date "2011.09.09"]
[Round "?"]
[White "Blanco, Gerardo"]
[Black "Campbell, Graham G"]
[Result "0-1"]
[WhiteElo "1156"]
[BlackElo "1145"]
[PlyCount "30"]
[EventDate "2011.??.??"]
[EventType "tourn (corr)"]
[EventRounds "4"]
[SourceTitle "Corr 2020"]
[Source "ChessBase"]
[SourceDate "2019.09.30"]
[SourceVersion "1"]
[SourceVersionDate "2019.09.30"]
[SourceQuality "1"]
[WhiteTeam "United States"]
[BlackTeam "United States"]
[WhiteTeamCountry "USA"]
[BlackTeamCountry "USA"]

1. e4 e5 2. Nf3 Nc6 3. Bc4 Nf6 4. Nc3 Be7 5. 0-0 0-0 6. d4 exd4 7. Nxd4 Re8 8. Re1 Bb4 9. Bd2 Nxd4 10. a3 Bd6 11. Bg5 Ne6 12. Bxf6 Qxf6 13. g3 Bc5 14. Qd2 Ng5 15. Nd5 Nf3+ 0-1

[Event "IECC CL7-2010.06 email"]
[Site "IECC email"]
[Date "2010.09.06"]
[Round "?"]
[White "Blanco, Gerardo"]
[Black "Stevenson, Walter"]
[Result "0-1"]
[WhiteElo "1196"]
[BlackElo "1116"]
[PlyCount "60"]
[EventDate "2010.??.??"]
[EventType "tourn (corr)"]
[EventRounds "4"]
[SourceTitle "Telechess CBM 145"]
[Source "Chessbase"]
[SourceDate "2011.11.11"]
[SourceVersion "1"]
[SourceVersionDate "2011.11.11"]
[SourceQuality "1"]
[WhiteTeam "US of America"]
[BlackTeam "Canada"]
[WhiteTeamCountry "USA"]
[BlackTeamCountry "CAN"]

1. e4 c5 2. c3 Nc6 3. e5 Nxe5 4. d4 cxd4 5. cxd4 Nc6 6. Nf3 d5 7. Bd3 Nf6 8. 0-0 e6 9. Nc3 Be7 10. Be3 0-0 11. a3 a6 12. h3 Qc7 13. Qd2 b5 14. b4 Bb7 15. Rfe1 Rad8 16. Rac1 Rfe8 17. Ne2 h6 18. Bf4 Qb6 19. Bxh6 g6 20. Qc2 Bf8 21. Bg5 Bg7 22. Ne5 Rc8 23. Qb1 Nxe5 24. dxe5 Nd7 25. Nf4 Nxe5 26. Rxe5 Bxe5 27. Nxg6 Rxc1+ 28. Qxc1 fxg6 29. Bxg6 Rf8 30. Bh6 Qxf2+ 0-1

[Event "IECC M1-2010.T063"]
[Site "IECC email"]
[Date "2010.08.06"]
[Round "?"]
[White "Kaiser, Mathew"]
[Black "Blanco, Gerardo"]
[Result "1-0"]
[WhiteElo "1331"]
[BlackElo "1176"]
[PlyCount "77"]
[EventDate "2010.??.??"]
[EventType "match (corr)"]
[EventRounds "2"]
[SourceTitle "Telechess CBM 145"]
[Source "Chessbase"]
[SourceDate "2011.11.11"]
[SourceVersion "1"]
[SourceVersionDate "2011.11.11"]
[SourceQuality "1"]
[WhiteTeam "US of America"]
[BlackTeam "US of America"]
[WhiteTeamCountry "USA"]
[BlackTeamCountry "USA"]

1. d4 d5 2. c4 c6 3. cxd5 cxd5 4. Nc3 Nf6 5. Bg5 e6 6. Rc1 Be7 7. e3 0-0 8. Bd3 Nbd7 9. Nf3 b6 10. 0-0 Bb7 11. Ne5 Ne4 12. Nxe4 dxe4 13. Bxe7 Qxe7 14. Rc7 Bc8 15. Nxd7 Bxd7 16. Bxe4 Rac8 17. Rxa7 Qd6 18. Qd3 f5 19. Bf3 e5 20. Qb3+ Be6 21. d5 Bf7 22. e4 fxe4 23. Bxe4 Qc5 24. h4 Qc4 25. Qxc4 Rxc4 26. f3 Rfc8 27. Kh2 Rd4 28. Rb7 Bxd5 29. Bxd5+ Rxd5 30. Rxb6 Rc2 31. a4 Rdd2 32. b4 Rxg2+ 33. Kh3 Rh2+ 34. Kg4 Rcg2+ 35. Kf5 Rxh4 36. a5 Rb2 37. Kxe5 Rh5+ 38. Kd6 Rxa5 39. bxa5 1-0

[Event "IECC M1-2009.R05"]
[Site "IECC email"]
[Date "2009.11.02"]
[Round "?"]
[White "Blanco, Gerardo"]
[Black "Hargreaves, John Richard"]
[Result "0-1"]
[WhiteElo "1214"]
[BlackElo "1534"]
[PlyCount "36"]
[EventDate "2009.??.??"]
[EventType "tourn (corr)"]
[EventRounds "4"]
[SourceTitle "Corr 2013"]
[Source "ChessBase"]
[SourceDate "2012.11.12"]
[SourceVersion "1"]
[SourceVersionDate "2012.11.12"]
[SourceQuality "1"]
[WhiteTeam "Italy"]
[BlackTeam "Germany"]
[WhiteTeamCountry "ITA"]
[BlackTeamCountry "GER"]

1. e4 c5 2. c3 d5 3. exd5 Qxd5 4. d4 cxd4 5. Nf3 e5 6. cxd4 exd4 7. Qxd4 Qxd4 8. Nxd4 Nf6 9. Nc3 Bc5 10. Ndb5 Na6 11. Bd3 0-0 12. 0-0 Nb4 13. Bc4 a6 14. Na3 b5 15. Bb3 Be6 16. Bxe6 fxe6 17. Re1 Nd3 18. Rd1 Nxf2 0-1

[Event "IECC M1-2009.R05"]
[Site "IECC email"]
[Date "2009.11.02"]
[Round "?"]
[White "Hargreaves, John Richard"]
[Black "Blanco, Gerardo"]
[Result "1-0"]
[WhiteElo "1533"]
[BlackElo "1209"]
[PlyCount "27"]
[EventDate "2009.??.??"]
[EventType "tourn (corr)"]
[EventRounds "4"]
[SourceTitle "Corr 2013"]
[Source "ChessBase"]
[SourceDate "2012.11.12"]
[SourceVersion "1"]
[SourceVersionDate "2012.11.12"]
[SourceQuality "1"]
[WhiteTeam "Italy"]
[BlackTeam "Germany"]
[WhiteTeamCountry "ITA"]
[BlackTeamCountry "GER"]

1. Nf3 Nc6 2. d4 d5 3. g3 Bg4 4. Bg2 e6 5. 0-0 Nf6 6. c4 dxc4 7. Qa4 Bb4 8. Ne5 0-0 9. Nxc6 bxc6 10. Qxb4 Bxe2 11. Re1 Bd3 12. Bxc6 Rb8 13. Qc3 Qxd4 14. Qxd4 1-0

[Event "IECC M1-2009.T101"]
[Site "IECC email"]
[Date "2009.10.21"]
[Round "?"]
[White "Blanco, Gerardo"]
[Black "Urbaniak, Marcin"]
[Result "0-1"]
[WhiteElo "1210"]
[BlackElo "1586"]
[PlyCount "38"]
[EventDate "2009.??.??"]
[EventType "match (corr)"]
[EventRounds "2"]
[SourceTitle "Telechess CBM 149"]
[Source "ChessBase"]
[SourceDate "2012.07.17"]
[SourceVersion "1"]
[SourceVersionDate "2012.07.17"]
[SourceQuality "1"]
[WhiteTeam "US of America"]
[BlackTeam "Poland"]
[WhiteTeamCountry "USA"]
[BlackTeamCountry "POL"]

1. e4 d5 2. exd5 Qxd5 3. Nc3 Qd6 4. Nf3 Nf6 5. d4 Nc6 6. Bb5 Bd7 7. 0-0 0-0-0 8. Ne2 a6 9. Bxc6 Bxc6 10. c4 Bxf3 11. gxf3 g5 12. Kh1 Rg8 13. Be3 h5 14. Rg1 Qc6 15. b3 Qxf3+ 16. Rg2 h4 17. Ng1 Qf5 18. Nf3 g4 19. Ne5 h3 0-1

[Event "IECC M1-2009.T101"]
[Site "IECC email"]
[Date "2009.10.21"]
[Round "?"]
[White "Urbaniak, Marcin"]
[Black "Blanco, Gerardo"]
[Result "1-0"]
[WhiteElo "1583"]
[BlackElo "1213"]
[PlyCount "37"]
[EventDate "2009.??.??"]
[EventType "match (corr)"]
[EventRounds "2"]
[SourceTitle "Telechess CBM 149"]
[Source "ChessBase"]
[SourceDate "2012.07.17"]
[SourceVersion "1"]
[SourceVersionDate "2012.07.17"]
[SourceQuality "1"]
[WhiteTeam "Poland"]
[BlackTeam "US of America"]
[WhiteTeamCountry "POL"]
[BlackTeamCountry "USA"]

1. d4 d5 2. c4 dxc4 3. Nf3 Nf6 4. Nc3 a6 5. e4 b5 6. Be2 Bb7 7. e5 Nd5 8. 0-0 e6 9. Bg5 Be7 10. Bxe7 Nxe7 11. a4 0-0 12. axb5 axb5 13. Rxa8 Bxa8 14. Nxb5 Bc6 15. Bxc4 Nd7 16. Qe2 Nb6 17. Bd3 Ned5 18. Bxh7+ Kxh7 19. Qc2+ 1-0

[Event "IECC CL7-2009.05 email"]
[Site "IECC email"]
[Date "2009.08.29"]
[Round "?"]
[White "Stamate, Vlad"]
[Black "Blanco, Gerardo"]
[Result "1-0"]
[WhiteElo "1191"]
[BlackElo "1241"]
[PlyCount "43"]
[EventDate "2009.??.??"]
[EventType "tourn (corr)"]
[EventRounds "4"]
[SourceTitle "Telechess CBM 137"]
[Source "ChessBase"]
[SourceDate "2010.07.15"]
[SourceVersion "1"]
[SourceVersionDate "2010.07.15"]
[SourceQuality "1"]
[WhiteTeam "US of America"]
[BlackTeam "US of America"]
[WhiteTeamCountry "USA"]
[BlackTeamCountry "USA"]

1. e4 c5 2. Nf3 Nc6 3. d4 cxd4 4. Nxd4 e5 5. Nb5 Nf6 6. N1c3 Bb4 7. a3 Bxc3+ 8. Nxc3 0-0 9. Bg5 b6 10. Qd2 Bb7 11. 0-0-0 Nd4 12. h3 h6 13. Bxh6 gxh6 14. Kb1 Kg7 15. g4 Nxe4 16. Qe3 Re8 17. Nxe4 Qc7 18. Bd3 d5 19. Ng3 Rac8 20. Nh5+ Kg8 21. Qxh6 Ne6 22. Nf6# 1-0

[Event "IECC M1-2009.T88"]
[Site "IECC email"]
[Date "2009.08.17"]
[Round "?"]
[White "Blanco, Gerardo"]
[Black "Simmons, Ernest"]
[Result "1/2-1/2"]
[WhiteElo "1223"]
[BlackElo "1089"]
[PlyCount "71"]
[EventDate "2009.??.??"]
[EventType "match (corr)"]
[EventRounds "2"]
[SourceTitle "Telechess CBM 137"]
[Source "ChessBase"]
[SourceDate "2010.07.15"]
[SourceVersion "1"]
[SourceVersionDate "2010.07.15"]
[SourceQuality "1"]
[WhiteTeam "US of America"]
[BlackTeam "US of America"]
[WhiteTeamCountry "USA"]
[BlackTeamCountry "USA"]

1. e4 c6 2. d4 d5 3. e5 e6 4. Nf3 Bb4+ 5. Nc3 Bxc3+ 6. bxc3 Ne7 7. Ba3 Qa5 8. Bb4 Qc7 9. Bd3 Na6 10. 0-0 c5 11. dxc5 Nxc5 12. Bb5+ Bd7 13. Bxd7+ Nxd7 14. Bxe7 Kxe7 15. Qd3 Nxe5 16. Nxe5 Qxe5 17. Rfe1 Qd6 18. Rad1 Rad8 19. g3 Qc6 20. Qd4 g6 21. Qxa7 Qa6 22. Qc5+ Qd6 23. Qxd6+ Rxd6 24. Ra1 Rc8 25. Re3 Rc4 26. Rb1 b6 27. Rb4 Rdc6 28. Rb3 Kf6 29. h4 h5 30. Kf1 b5 31. Rxb5 Rxc3 32. Rxc3 Rxc3 33. Rb2 Kf5 34. Ke2 Ra3 35. Kd2 Rf3 36. Ke2 1/2-1/2

[Event "IECC O-3010"]
[Site "IECC email"]
[Date "2009.08.12"]
[Round "?"]
[White "Blanco, Gerardo"]
[Black "Graham, Robbie Darrell"]
[Result "1-0"]
[WhiteElo "1191"]
[BlackElo "1029"]
[PlyCount "81"]
[EventDate "2009.??.??"]
[EventType "swiss (corr)"]
[EventRounds "2"]
[SourceTitle "Telechess CBM 137"]
[Source "ChessBase"]
[SourceDate "2010.07.15"]
[SourceVersion "1"]
[SourceVersionDate "2010.07.15"]
[SourceQuality "1"]
[WhiteTeam "US of America"]
[BlackTeam "US of America"]
[WhiteTeamCountry "USA"]
[BlackTeamCountry "USA"]

1. e4 e5 2. Nf3 d6 3. d4 Nc6 4. Bb5 Nge7 5. d5 a6 6. Bxc6+ bxc6 7. dxc6 g6 8. Bg5 Bg7 9. Bxe7 Qxe7 10. 0-0 0-0 11. c4 Rb8 12. b3 Qe8 13. Nc3 Qxc6 14. Nd5 Re8 15. h3 a5 16. Rb1 Ba6 17. a4 Qc5 18. Re1 Qa3 19. Nxc7 Rf8 20. Nxa6 Rbc8 21. Ra1 Qb2 22. Re2 Qxe2 23. Qxe2 Rc6 24. Nb4 axb4 25. Rd1 f5 26. Ng5 fxe4 27. Qxe4 Rc7 28. Ne6 Rcf7 29. Nxf8 Rxf8 30. Rxd6 Bf6 31. a5 Kg7 32. a6 Rf7 33. Qc6 e4 34. Rd7 Be7 35. Qxe4 Kh6 36. Rxe7 Rxe7 37. Qxe7 Kh5 38. a7 h6 39. a8Q g5 40. Qg7 Kh4 41. Qxh6# 1-0

[Event "IECC M-4969"]
[Site "IECC email"]
[Date "2004.03.08"]
[Round "?"]
[White "Blanco, Gerardo"]
[Black "Matthews, Michael"]
[Result "0-1"]
[WhiteElo "1244"]
[BlackElo "1574"]
[PlyCount "38"]
[EventDate "2004.??.??"]
[EventType "tourn (corr)"]
[EventRounds "10"]
[SourceTitle "Corr 2020"]
[Source "ChessBase"]
[SourceDate "2019.09.30"]
[SourceVersion "1"]
[SourceVersionDate "2019.09.30"]
[SourceQuality "1"]
[WhiteTeam "United States"]
[BlackTeam "Australia"]
[WhiteTeamCountry "USA"]
[BlackTeamCountry "AUS"]

1. e4 e5 2. Nf3 Nf6 3. Nc3 Nc6 4. Bb5 Bb4 5. d3 0-0 6. 0-0 d6 7. h3 Ne7 8. Bg5 Be6 9. Bxf6 gxf6 10. a3 Bxc3 11. bxc3 c6 12. Ba4 Qa5 13. Bb3 Qxc3 14. Bxe6 fxe6 15. d4 b5 16. d5 exd5 17. exd5 Nxd5 18. Nd2 Qd4 19. Nb3 Qxd1 0-1

[Event "IECC M-4966"]
[Site "IECC email"]
[Date "2004.03.04"]
[Round "?"]
[White "Blanco, Gerardo"]
[Black "Pizzoni, Richard"]
[Result "0-1"]
[WhiteElo "1261"]
[BlackElo "1252"]
[PlyCount "38"]
[EventDate "2004.??.??"]
[EventType "tourn (corr)"]
[EventRounds "10"]
[SourceTitle "Corr 2020"]
[Source "ChessBase"]
[SourceDate "2019.09.30"]
[SourceVersion "1"]
[SourceVersionDate "2019.09.30"]
[SourceQuality "1"]
[WhiteTeam "United States"]
[BlackTeam "United States"]
[WhiteTeamCountry "USA"]
[BlackTeamCountry "USA"]

1. e4 c6 2. d4 d5 3. e5 c5 4. c3 Nc6 5. Nf3 Bg4 6. Bb5 e6 7. 0-0 Qc7 8. Be3 cxd4 9. cxd4 Nge7 10. h3 Bh5 11. Nc3 Nf5 12. Bf4 Be7 13. g4 g5 14. Bxg5 Bxg5 15. Nxg5 Nh4 16. gxh5 Rg8 17. f4 h6 18. Qg4 Nf5 19. Rad1 Ne3 0-1

[Event "IECC Swiss-480.1"]
[Site "IECC email"]
[Date "2004.02.01"]
[Round "?"]
[White "Mann, Derek"]
[Black "Blanco, Gerardo"]
[Result "1-0"]
[WhiteElo "1912"]
[BlackElo "1271"]
[PlyCount "39"]
[EventDate "2004.??.??"]
[EventType "swiss (corr)"]
[EventRounds "1"]
[SourceTitle "Corr 2020"]
[Source "ChessBase"]
[SourceDate "2019.09.30"]
[SourceVersion "1"]
[SourceVersionDate "2019.09.30"]
[SourceQuality "1"]
[WhiteTeam "Canada"]
[BlackTeam "United States"]
[WhiteTeamCountry "CAN"]
[BlackTeamCountry "USA"]

1. e4 e5 2. Nf3 Nc6 3. Nc3 Nf6 4. Bb5 a6 5. Bxc6 bxc6 6. Nxe5 Qe7 7. d4 Bb7 8. 0-0 d6 9. Nc4 Qd7 10. Na5 Rb8 11. Nxb7 Rxb7 12. Qe2 Be7 13. Qxa6 Rb6 14. Qa8+ Bd8 15. e5 dxe5 16. dxe5 Nd5 17. Rd1 0-0 18. Nxd5 cxd5 19. Rxd5 Qe7 20. Be3 1-0

[Event "IECC M email"]
[Site "IECC email"]
[Date "2003.07.16"]
[Round "?"]
[White "Blanco, Gerardo"]
[Black "Simmons, Ernest"]
[Result "1/2-1/2"]
[WhiteElo "1255"]
[BlackElo "1039"]
[PlyCount "68"]
[EventDate "2003.??.??"]
[EventType "tourn (corr)"]
[EventRounds "6"]
[SourceTitle "Corr 2008"]
[Source "ChessBase"]
[SourceDate "2008.06.24"]
[SourceVersion "1"]
[SourceVersionDate "2008.06.24"]
[SourceQuality "1"]

1. e4 e6 2. d4 d5 3. exd5 exd5 4. Nf3 Bd6 5. Nc3 c6 6. Be2 Nf6 7. 0-0 0-0 8. Bg5 Nbd7 9. Re1 Re8 10. h3 h6 11. Bxf6 Nxf6 12. Qd2 Bd7 13. Bd3 Qc7 14. Ne2 Ne4 15. Bxe4 dxe4 16. Ne5 Bxe5 17. dxe5 Rxe5 18. Ng3 f5 19. Rad1 Rd8 20. Nh5 Re6 21. Qf4 Qxf4 22. Nxf4 Rf6 23. f3 e3 24. Rxe3 Kf7 25. Rde1 Re8 26. Rxe8 Bxe8 27. c4 c5 28. Nd5 Re6 29. Rxe6 Kxe6 30. Nc7+ Kf7 31. Nxe8 Kxe8 32. Kf2 Ke7 33. f4 Ke6 34. g4 g6 1/2-1/2

[Event "IECG TE.2001.P.00818 email"]
[Site "IECG email"]
[Date "2001.10.05"]
[Round "?"]
[White "Blanco, Gerardo"]
[Black "Bleyen, Joris"]
[Result "0-1"]
[WhiteElo "1051"]
[BlackElo "800"]
[PlyCount "46"]
[EventDate "2001.10.05"]
[EventType "tourn (corr)"]
[EventRounds "12"]
[SourceTitle "Corr 2008"]
[Source "ChessBase"]
[SourceDate "2008.06.24"]
[SourceVersion "1"]
[SourceVersionDate "2008.06.24"]
[SourceQuality "1"]

1. e4 d6 2. d4 Nf6 3. Nc3 g6 4. Nf3 Bg7 5. Be3 0-0 6. Qd2 Bg4 7. Be2 Bxf3 8. Bxf3 e5 9. d5 a6 10. 0-0 c5 11. dxc6 Nxc6 12. Nd5 Nxd5 13. Qxd5 Nd4 14. Bxd4 exd4 15. Qxb7 Rb8 16. Qxa6 Rxb2 17. Rfc1 Qg5 18. Qxd6 Rxa2 19. h3 d3 20. Rxa2 Qxc1+ 21. Kh2 dxc2 22. Qc5 Qf4+ 23. Kg1 c1Q+ 0-1

[Event "IECG TE.2001.P.00818 email"]
[Site "IECG email"]
[Date "2001.10.05"]
[Round "?"]
[White "Sandehn, Kenth"]
[Black "Blanco, Gerardo"]
[Result "1-0"]
[WhiteElo "2144"]
[BlackElo "1051"]
[PlyCount "35"]
[EventDate "2001.10.05"]
[EventType "tourn (corr)"]
[EventRounds "12"]
[SourceTitle "Corr 2008"]
[Source "ChessBase"]
[SourceDate "2008.06.24"]
[SourceVersion "1"]
[SourceVersionDate "2008.06.24"]
[SourceQuality "1"]

1. e4 d6 2. d4 Nf6 3. Nc3 g6 4. Nf3 Bg7 5. Be3 0-0 6. Qd2 Nbd7 7. 0-0-0 e5 8. dxe5 dxe5 9. Nxe5 Nxe4 10. Nxe4 Bxe5 11. Bg5 f6 12. Bh6 Re8 13. f4 Bd6 14. Qd5+ Kh8 15. Nxd6 cxd6 16. Qf7 Rg8 17. Rxd6 Qe8 18. Bg7+ 1-0

[Event "IECG CP.2001.P.00067"]
[Site "IECG email"]
[Date "2001.10.01"]
[Round "?"]
[White "Schipmann, Torsten"]
[Black "Blanco, Gerardo"]
[Result "1-0"]
[WhiteElo "2158"]
[BlackElo "1051"]
[PlyCount "41"]
[EventDate "2001.10.01"]
[EventType "tourn (corr)"]
[EventRounds "6"]
[SourceTitle "Corr 2008"]
[Source "ChessBase"]
[SourceDate "2008.06.24"]
[SourceVersion "1"]
[SourceVersionDate "2008.06.24"]
[SourceQuality "1"]

1. d4 d5 2. c4 e6 3. Nc3 Nf6 4. Nf3 Bb4 5. e3 0-0 6. Bd3 Nc6 7. 0-0 Re8 8. Qc2 g6 9. Bd2 e5 10. cxd5 Nxd5 11. Nxd5 Bxd2 12. Nxd2 Qxd5 13. Be4 Qd6 14. Bxc6 Qxc6 15. Qxc6 bxc6 16. dxe5 Rxe5 17. Nf3 Re8 18. Rac1 Bg4 19. Nd4 Rab8 20. b3 Red8 21. Nxc6 1-0

[Event "IECG Q3.2000.0.00095"]
[Site "IECG email"]
[Date "2000.12.06"]
[Round "?"]
[White "Blanco, Gerardo"]
[Black "Lautenbach, Aljoscha"]
[Result "0-1"]
[WhiteElo "1100"]
[BlackElo "1000"]
[PlyCount "46"]
[EventDate "2000.12.06"]
[EventType "tourn (corr)"]
[EventRounds "6"]
[SourceTitle "Corr 2008"]
[Source "ChessBase"]
[SourceDate "2008.06.24"]
[SourceVersion "1"]
[SourceVersionDate "2008.06.24"]
[SourceQuality "1"]

1. e4 e5 2. Nf3 Nc6 3. Bc4 Nf6 4. Nc3 Bb4 5. 0-0 0-0 6. d3 Bxc3 7. bxc3 d5 8. exd5 Nxd5 9. Bxd5 Qxd5 10. d4 e4 11. Nd2 Bf5 12. Re1 Rfe8 13. Bb2 Rad8 14. c4 Qd6 15. Qh5 Nxd4 16. Bxd4 Qxd4 17. Qxf5 Qxd2 18. h3 Qxc2 19. Qc5 Rd2 20. Rxe4 Qxe4 21. Qxc7 g6 22. c5 Qd4 23. Rf1 Re1 0-1

[Event "IECG Q3.2000.0.00095"]
[Site "IECG email"]
[Date "2000.12.06"]
[Round "?"]
[White "Rellias, Paul V"]
[Black "Blanco, Gerardo"]
[Result "0-1"]
[WhiteElo "1092"]
[BlackElo "1100"]
[PlyCount "75"]
[EventDate "2000.12.06"]
[EventType "tourn (corr)"]
[EventRounds "6"]
[SourceTitle "Corr 2008"]
[Source "ChessBase"]
[SourceDate "2008.06.24"]
[SourceVersion "1"]
[SourceVersionDate "2008.06.24"]
[SourceQuality "1"]

1. e4 e5 2. Nf3 Nc6 3. d3 Bc5 4. Bg5 Nf6 5. Nc3 h6 6. Bh4 0-0 7. Be2 d6 8. Nd5 g5 9. Bg3 Nxd5 10. exd5 Nd4 11. Nxd4 Bxd4 12. 0-0 Bxb2 13. Rb1 Bc3 14. Rb3 Ba5 15. c4 c6 16. a3 cxd5 17. cxd5 b6 18. Qc1 Bb7 19. f3 Bxd5 20. Rb5 Bb7 21. Qc4 Qd7 22. a4 Rac8 23. Qb3 a6 24. Rxb6 Bxb6+ 25. Kh1 Rc6 26. h4 Qe7 27. h5 Rfc8 28. Qb4 f5 29. a5 Be3 30. Kh2 f4 31. Bf2 Bxf2 32. Rxf2 Qf7 33. d4 Qxh5+ 34. Kg1 Rc1+ 35. Bd1 Rxd1+ 36. Rf1 Rxf1+ 37. Kxf1 Qh1+ 38. Kf2 0-1